Kirjanduskultuur
| Titel: | Kirjanduskultuur / August Annist ; koostanud [ja sarja peatoimetaja] Hando Runnel |
|---|---|
| Verfasser: | |
| Beteiligt: | |
| Veröffentlicht: | Tartu : Ilmamaa, 2017 |
| Umfang: | 430 Seiten : Diagramme |
| Format: | Buch |
| Sprache: | Estnisch |
| Schriftenreihe/ mehrbändiges Werk: |
Eesti mõttelugu ; 135 |
| ISBN: | 9789985776346 |
| Hinweise zum Inhalt: |
Inhaltsverzeichnis
|
alg: 41609792 001A $03004:29-08-17 001B $01999:05-09-17 $t11:48:16.000 001C $03004:29-08-17 $t14:05:53.000 001D $03004:29-08-17 001U $0utf8 001X $00 002@ $0Aau 002C $aText $btxt $2rdacontent 002D $aohne Hilfsmittel zu benutzen $bn $2rdamedia 002E $aBand $bnc $2rdacarrier 003@ $0416097928 003O $01002108752 $aOCoLC 004A $A978-9985-77-634-6 007A $0416097928 $aHEB 007G $0DE020ED062C2E3E9EC85FC125819100385DBD 009P $qapplication/pdf $A2 $3Inhaltsverzeichnis $uhttp://scans.hebis.de/HEBCGI/show.pl?41609792_toc.pdf $mV:DE-603;B:DE-Mb50 010@ $aest 010E $erda 011@ $a2017 013D $#Beiträge Formschlagwort $#Einzelbeiträge $#Sammelwerk Formschlagwort $74143413-4 $8Aufsatzsammlung [Ts1] $9085562742 013D $RFachliteratur $RBericht $RQuelle $RReiseliteratur $RErlebnisbericht $RTagebuch $RReisejournalismus $#Travelers' writings $#Récits de voyages $#Hodoeporicon $#Reisetagebuch $#Reisebeschreibung $#Reisebilder $#Reiseschilderung $#Reise Beschreibung $#Reisebriefe $#Reiseessay $#Reisereportage $#Reise Tagebuch Formschlagwort $#Reiseberichte $#Travel writing $74076645-7 $8Reisebericht [Ts1] $9085217158 021A $aKirjanduskultuur $hAugust Annist ; koostanud [ja sarja peatoimetaja] Hando Runnel 028A $BVerfasser $#Anni, A. $#Anni, August $#Laanessaar, A. A. $#Siiras, Jaan $4aut $7130365742 $8Annist, August$Z1899-1972 [Tp1] $9160550939 028C $BZusammenstellender $RLigi, Katre $#Runnelʹ, Khando $#Runnel, Chando $#Runnelʹ, Chando $4com $7121845621 $8Runnel, Hando$Z1938- [Tp1] $9090886194 033A $pTartu $nIlmamaa 034D $a430 Seiten 034M $aDiagramme 036E $aEesti mõttelugu $l135 037A $aLiteraturverzeichnis Seite 415-420 044K $#Anni, A. $#Anni, August $#Laanessaar, A. A. $#Siiras, Jaan $7130365742 $8Annist, August$Z1899-1972 [Tp1] $9160550939 044K $RĖstljandskaja Gubernija $RĖstonskaja SSR $#Estland $#Estland $#Estnische SSR $#Eesti $#Estonskaja SSR $#EV $#Estonia 1918 - 1940, 1991 - $#Republik Estland $#Eesti Vabariik $#Republic of Estonia $#Ėstonskaja Respublika $#Estnische Republik $#Estonia 1918-1940 ; ab 1991 $#Estonia $#Estonie $74015587-0 $8Estland [Tg1] $9085035777 044K $RFinland $#Finnland $#Finnland $#Großfürstentum Finnland $#Finland 1917- $#Republik Finnland $#Fen-lan $#Finljandija $#Republic of Finland $#Finnlando $#Fennoscandia $#Finlande $#Republiken Finland $#Finnländische Demokratische Republik $#Suomi $#Suomen Tasavalta $74017243-0 $8Finnland [Tg1] $9085040355 044K $RVersepik $RRomance $#Epic poetry $#Epic poetry History and criticism $#Épopées $#Epik Epos $#Epik im engeren Sinn $#Versepos $#Epen $#Versepen $74015065-3 $8Epos [Ts1] $9085034134 044K $RPhilologie $#Literature History and criticism $#Literaturwissenschaft $#Literaturwissenschaften $74036034-9 $8Literaturwissenschaft [Ts1] $9085097624 044K $RPhilologe $RLiteraturwissenschaftlerin $#Philologists $#Philologues $74167889-8 $8Literaturwissenschaftler [Ts1] $9085760218 045R $aGeistesgeschichte 1925-1968 lok: 41609792 24 exp: 41609792 24 1 #EPN 201B/01 $029-08-17 $t14:06:26.000 201C/01 $029-08-17 201U/01 $0utf8 203@/01 $01006501118 208@/01 $a29-08-17 $bz 209A/01 $a17.05070 $du $f050 $h17 05070 $x00 209C/01 $a17.05070 K $h17 05070 K 209G/01 $a73785480 $x00 220C/01 $akoe 247C/01 $8358050-7Marburg, Bibliothek des Herder-Instituts Marburg $9102600961 lok: 41609792 78 exp: 41609792 78 1 #EPN 201B/01 $009-03-18 $t10:08:05.000 201C/01 $009-03-18 201U/01 $0utf8 203@/01 $01018988327 208@/01 $a09-03-18 $be 209A/01 $a/ $f000 $x00 209A/01 $ab*p $x01 220C/01 $aeja 244Z/01 $#Estland $#Estland $#Estnische SSR $#Eesti $#Estonskaja SSR $#EV $#Estonia 1918 - 1940, 1991 - $#Republik Estland $#Eesti Vabariik $#Republic of Estonia $#Ėstonskaja Respublika $#Estnische Republik $#Estonia 1918-1940 ; ab 1991 $#Estonia $#Estonie $74015587-0 $8--Tg1--Estland $x17 $9085035777 247C/01 $82080>Marburg/Lahn, Herder-Institut, Forschungsbibliothek, Bibliographieportal $9336309341
| LEADER | 00000cam a2200000 c 4500 | ||
|---|---|---|---|
| 001 | 416097928 | ||
| 003 | DE-603 | ||
| 005 | 20170905114816.0 | ||
| 007 | tu | ||
| 008 | 170829s2017 xx |||| | u00||u|est c | ||
| 020 | |a 9789985776346 | ||
| 035 | |a (DE-599)HEB416097928 | ||
| 035 | |a (OCoLC)1002108752 | ||
| 040 | |a DE-603 |b ger |c DE-603 |d DE-603 |e rda | ||
| 041 | |a est | ||
| 100 | 1 | |a Annist, August |d 1899-1972 |e Verfasser |4 aut |0 (DE-603)160550939 |0 (DE-588)130365742 |2 gnd | |
| 245 | 0 | 0 | |a Kirjanduskultuur |c August Annist ; koostanud [ja sarja peatoimetaja] Hando Runnel |
| 264 | 1 | |a Tartu |b Ilmamaa |c 2017 | |
| 300 | |a 430 Seiten |b Diagramme | ||
| 336 | |a Text |b txt |2 rdacontent | ||
| 337 | |a ohne Hilfsmittel zu benutzen |b n |2 rdamedia | ||
| 338 | |a Band |b nc |2 rdacarrier | ||
| 490 | 0 | |a Eesti mõttelugu |v 135 | |
| 500 | |a Literaturverzeichnis Seite 415-420 | ||
| 600 | 1 | 7 | |a Annist, August |d 1899-1972 |0 (DE-588)130365742 |0 (DE-603)160550939 |2 gnd |
| 648 | 7 | |a Geistesgeschichte 1925-1968 |2 gnd | |
| 650 | 7 | |a Epos |0 (DE-588)4015065-3 |0 (DE-603)085034134 |2 gnd | |
| 650 | 7 | |a Literaturwissenschaft |0 (DE-588)4036034-9 |0 (DE-603)085097624 |2 gnd | |
| 650 | 7 | |a Literaturwissenschaftler |0 (DE-588)4167889-8 |0 (DE-603)085760218 |2 gnd | |
| 651 | 7 | |a Estland |0 (DE-588)4015587-0 |0 (DE-603)085035777 |2 gnd | |
| 651 | 7 | |a Finnland |0 (DE-588)4017243-0 |0 (DE-603)085040355 |2 gnd | |
| 655 | 7 | |a Aufsatzsammlung |2 gnd-content |0 (DE-588)4143413-4 |0 (DE-603)085562742 | |
| 655 | 7 | |a Reisebericht |2 gnd-content |0 (DE-588)4076645-7 |0 (DE-603)085217158 | |
| 700 | 1 | |a Runnel, Hando |d 1938- |e Zusammenstellender |4 com |0 (DE-603)090886194 |0 (DE-588)121845621 |2 gnd | |
| 856 | 4 | 2 | |m V:DE-603;B:DE-Mb50 |q application/pdf |u http://scans.hebis.de/HEBCGI/show.pl?41609792_toc.pdf |3 Inhaltsverzeichnis |
| 924 | 0 | |9 Mb 50 |a (DE-603)1006501118 |b DE-Mb50 |c HES |d c |g 17.05070 | |
| 924 | 0 | |9 2080 |a (DE-603)1018988327 |b DE-2080 |c HES |d d |g / | |


